Comprendre Habermas (notice n° 1512105)
[ vue normale ]
| 000 -LEADER | |
|---|---|
| fixed length control field | 00827cam a2200133 4500500 |
| 005 - DATE AND TIME OF LATEST TRANSACTION | |
| control field | 20251012001045.0 |
| 041 ## - LANGUAGE CODE | |
| Language code of text/sound track or separate title | fre |
| 042 ## - AUTHENTICATION CODE | |
| Authentication code | dc |
| 100 10 - MAIN ENTRY--PERSONAL NAME | |
| Personal name | Dupeyrix, Alexandre |
| Relator term | author |
| 245 00 - TITLE STATEMENT | |
| Title | Comprendre Habermas |
| 260 ## - PUBLICATION, DISTRIBUTION, ETC. | |
| Name of publisher, distributor, etc. | Armand Colin,<br/> |
| Date of publication, distribution, etc. | 2009.<br/> |
| 520 ## - SUMMARY, ETC. | |
| Summary, etc. | Jürgen Habermas (1929) est un philosophe et sociologue allemand, qui s’est fait connaître grâce à ses travaux sur l’espace public et sur la philosophie du langage.Ses théories les plus importantes sont discutées dans le monde entier.Il a combiné la tradition continentale et la philosophie nord-américaine.L’auteur nous offre ici une introduction complète à l’une des œuvres les plus débattues de la pensée contemporaine. |
| 856 41 - ELECTRONIC LOCATION AND ACCESS | |
| Uniform Resource Identifier | <a href="https://shs.cairn.info/comprendre-habermas--9782200355579?lang=fr&redirect-ssocas=7080">https://shs.cairn.info/comprendre-habermas--9782200355579?lang=fr&redirect-ssocas=7080</a> |
Pas d'exemplaire disponible.




Réseaux sociaux